000 00563nam a2200181 a 4500
003 BD-DhJNU
005 20250713084838.0
008 250501s1958 ii a b 001 0 eng
040 _aBD-DhJNU
_bENG
_cBD-DhJNU
_dBD-DhJNU
082 0 0 _a324 MAF
_223
100 1 _aMackenzie, W. J. M.
245 1 0 _aFree elections :
_ban elementary testbook /
_cW. J. M. Mackenzie
260 _aLondon :
_bGeorge Allen & Unwin Ltd.,
_c1958.
300 _a184 p. :
_bill. ;
_c21 cm.
504 _aIncludes bibliographical references and index.
650 0 _aFree elections
942 _cBK
999 _c1885
_d1885